000 00618nam a2200205 i 4500
001 26667
003 ES-MaACL
005 20240521105419.0
007 t|
008 030110s1965 sp ||||1| spa d
100 1 _aArvon, Henri.
_923520
245 1 3 _aLa filosofía del trabajo /
_cHenri Arvon ; versión española de Salustiano Masó.
260 _a[Madrid :
_bTaurus,
_c1965]
300 _a105 p. ;
_c19 cm.
490 1 _aCuadernos Taurus ;
_v67
700 0 _aMasó, Salustiano,
_d1923-
_978744
830 0 _aCuadernos Taurus ;
_v67
_9180748
852 _aES-MaACL
_jC-29657
_bR.59500
999 _c26667
_d26667